Sistema de Derecho civil / (Record no. 56377)

MARC details
000 -LEADER
campo de control de longitud fija 00894nam a2200205 i 4500
001 - NÚMERO DE CONTROL
campo de control 56377
003 - IDENTIFICADOR DE NÚMERO DE CONTROL
campo de control ES-MaACL
005 - FECHA Y HORA DE LA ÚLTIMA TRANSACCIÓN
campo de control 20250811063135.0
007 - CAMPO FIJO DE DESCRIPCIÓN FÍSICA--INFORMACIÓN GENERAL
campo de control de longitud fija t|
008 - DATOS DE LONGITUD FIJA--INFORMACIÓN GENERAL
campo de control de longitud fija 031008s1982 sp ||||1| spa d
100 1# - ENTRADA PRINCIPAL--NOMBRE DE PERSONA
Nombre de persona Díez-Picazo, Luis,
Fechas asociadas al nombre 1931-
9 (RLIN) 156922
245 10 - MENCIÓN DEL TÍTULO
Título Sistema de Derecho civil /
Mención de responsabilidad, etc. Luis Díez-Picazo y Antonio Gullón.
260 ## - PUBLICACIÓN, DISTRIBUCIÓN, ETC.
Lugar de publicación, distribución, etc. Madrid :
Nombre del editor, distribuidor, etc. Tecnos,
Fecha de publicación, distribución, etc. [1982]
300 ## - DESCRIPCIÓN FÍSICA
Extensión 4 v. ;
Dimensiones 24 ; 21 cm.
505 8# - NOTA DE CONTENIDO CON FORMATO
Nota de contenido con formato Contiene: V. I.: Introducción. Derecho de la persona. Autonomía prívada. Persona jurídica. -- V. II.: Teoría general del contrato. La relación obligatoria en general. Las relaciones obligatorias en particular. -- V. III.: Derecho de cosas. -- V. IV.: Derecho de familia. Derecho de sucesiones
650 04 - PUNTO DE ACCESO ADICIONAL DE MATERIA--TÉRMINO DE MATERIA
Término de materia o nombre geográfico como elemento de entrada Derecho civil-
Subdivisión geográfica España
9 (RLIN) 11659
700 1# - ENTRADA AGREGADA--NOMBRE PERSONAL
Nombre de persona Gullón, Antonio.
9 (RLIN) 60934
852 ## - LOCALIZACIÓN
Ubicación ES-MaACL
Número de control de estantería L-7262-5
Sublocalización o colección R.105829
Holdings
Estatus retirado Estado de pérdida Estado de daño No para préstamo Biblioteca de origen Biblioteca actual Ubicación en estantería Fecha de adquisición Fuente de adquisición Total de préstamos Signatura topográfica completa Código de barras Visto por última vez Precio de reemplazo Tipo de ítem Koha
        Biblioteca del Ateneo de Madrid Biblioteca del Ateneo de Madrid Depósito 2 17/01/2008     L-7262-5 1059215 23/02/2023 23/02/2023 Libro impreso